000 00970nam a2200301Ia 4500
001 Z_1797
003 CHAP
008 220113s1997 xx 000 0 und d
010 _a164889
040 _cCHAP
090 _aTesis G 1208
100 _aGutiérrez Argote, Gabriela
_951622
245 _aAdición de grasa en dietas de gestación y lactancia sobre el comportamiento reproductivo de la cerda /
_cpor Gabriela Gutiérrez Argote
260 _aChapingo, Méx. :
_bEl autor,
_c1997
300 _a83 h.
502 _aTesis (Maestro en Ciencias Especialista en Producción Animal) -- UACH. Departamento de Zootecnia
650 _aGanado porcino
_xNutrición
_945390
650 _aGanado porcino
_xReproducción
_945403
650 _aGestación
_947801
650 _aGrasas y aceites en nutrición animal
_950455
650 _aLactancia
_964346
901 _aTESIS G 1208
902 _aM
910 _a1997
942 _c2
942 _c2
999 _c164889
_d164889